[Event "White Rook U14 Final 2019"]
[Site "Sochi"]
[Date "2019.06.06"]
[Round "1.33"]
[White "Morozov, Gennady"]
[Black "Mescheryakov, Artem"]
[Result "1-0"]
[WhiteElo "1997"]
[BlackElo "1385"]
[Annotator "NA RC"]
[PlyCount "169"]
[EventDate "2019.06.02"]
[EventCountry "RUS"]
[SourceTitle "playchess.com"]
[Source "ChessBase"]
[SourceQuality "1"]
[TimeControl "5400+30"]

1. d4 {[%emt 0:00:00]} Nf6 {[%emt 0:00:13]} 2. c4 {[%emt 0:00:05]} g6 {[%emt 0:00:09]} 3. Nc3 {[%emt 0:00:03]} Bg7 {[%emt 0:00:12]} 4. e4 {[%emt 0:00:06]} d6 {[%emt 0:00:10]} 5. Be2 {[%emt 0:00:06]} O-O {[%emt 0:00:11]} 6. Bg5 {[%emt 0:00:05]} h6 {[%emt 0:00:07]} 7. Be3 {[%emt 0:00:03]} e5 {[%emt 0:01:29]} 8. d5 {[%emt 0:00:16]} Ne8 {[%emt 0:00:24]} 9. Qd2 {[%emt 0:01:00]} Kh7 {[%emt 0:00:08]} 10. g4 {[%emt 0:00:41]} f5 {[%emt 0:00:45]} 11. gxf5 {[%emt 0:00:26]} gxf5 {[%emt 0:00:06]} 12. exf5 {[%emt 0:00:05]} Bxf5 {[%emt 0:00:06]} 13. Bd3 {[%emt 0:00:38]} Qd7 {[%emt 0:03:45]} 14. Nge2 {[%emt 0:02:16]} Bxd3 {[%emt 0:00:52]} 15. Qxd3+ {[%emt 0:00:06]} Qf5 {[%emt 0:00:07]} 16. Qxf5+ {[%emt 0:00:10]} Rxf5 {[%emt 0:00:09]} 17. Ng3 {[%emt 0:00:10]} Rf7 {[%emt 0:00:17]} 18. Rg1 {[%emt 0:01:21]} Nd7 {[%emt 0:01:28]} 19. Ke2 {[%emt 0:01:16]} Ndf6 {[%emt 0:00:47]} 20. f3 {[%emt 0:02:00]} a6 {[%emt 0:01:07]} 21. b4 {[%emt 0:02:19]} b5 {[%emt 0:01:05]} 22. cxb5 {[%emt 0:07:05]} axb5 {[%emt 0:00:08]} 23. Rgd1 {[%emt 0:01:29]} Nd7 {[%emt 0:02:22]} 24. Nge4 {[%emt 0:02:17]} Rb8 {[%emt 0:00:45]} 25. a3 {[%emt 0:02:36]} Nef6 {[%emt 0:00:32]} 26. Rac1 {[%emt 0:01:45]} Nxe4 {[%emt 0:00:19]} 27. fxe4 {[%emt 0:03:54]} Nf6 {[%emt 0:02:01]} 28. Rf1 {[%emt 0:01:46]} Re7 {[%emt 0:02:04]} 29. Kd3 {[%emt 0:01:44]} Ng4 {[%emt 0:01:11]} 30. Bg1 {[%emt 0:00:37]} h5 {[%emt 0:01:09]} 31. h3 {[%emt 0:00:14]} Nh6 {[%emt 0:00:09]} 32. Nb1 {[%emt 0:01:18]} Nf7 {[%emt 0:00:20]} 33. Rc6 {[%emt 0:01:11]} Ra8 {[%emt 0:00:38]} 34. Rfc1 {[%emt 0:00:27]} Ng5 {[%emt 0:00:54]} 35. h4 {[%emt 0:02:29]} Nf3 {[%emt 0:04:27]} 36. Bf2 {[%emt 0:06:45]} Rb8 {[%emt 0:19:06]} 37. Rxc7 {[%emt 0:00:37]} Rxc7 {[%emt 0:00:25]} 38. Rxc7 {[%emt 0:00:08]} Kg6 {[%emt 0:00:05]} 39. Rc6 {[%emt 0:00:26]} Bf8 {[%emt 0:00:13]} 40. Nc3 {[%emt 0:01:17]} Be7 {[%emt 0:00:21]} 41. Bc5 {[%emt 0:01:57]} Bxh4 {[%emt 0:05:28]} 42. Bxd6 {[%emt 0:00:24]} Ra8 {[%emt 0:00:05]} 43. Be7+ {[%emt 0:00:54]} Kf7 {[%emt 0:00:12]} 44. Bxh4 {[%emt 0:00:07]} Nxh4 {[%emt 0:00:07]} 45. Nxb5 {[%emt 0:00:41]} Ng6 {[%emt 0:02:05]} 46. Ke3 {[%emt 0:01:12]} h4 {[%emt 0:00:44]} 47. Rc2 {[%emt 0:00:42]} h3 {[%emt 0:00:24]} 48. Kf3 {[%emt 0:00:34]} Rg8 {[%emt 0:00:31]} 49. Kg3 {[%emt 0:00:52]} Nf4+ {[%emt 0:00:07]} 50. Kh2 {[%emt 0:00:05]} Kg6 {[%emt 0:02:13]} 51. a4 {[%emt 0:01:08]} Kh5 {[%emt 0:00:04]} 52. a5 {[%emt 0:00:37]} Kh4 {[%emt 0:00:44]} 53. Nd6 {[%emt 0:01:22]} Kg4 {[%emt 0:00:35]} 54. Rc3 {[%emt 0:01:09]} Ne2 {[%emt 0:00:38]} 55. Re3 {[%emt 0:00:34]} Rg6 {[%emt 0:01:11]} 56. Rxe2 {[%emt 0:01:30]} Rxd6 {[%emt 0:00:07]} 57. Ra2 {[%emt 0:00:13]} Kf4 {[%emt 0:00:25]} 58. a6 {[%emt 0:00:10]} Rd8 {[%emt 0:00:05]} 59. a7 {[%emt 0:00:05]} Kxe4 {[%emt 0:02:10]} 60. a8=Q {[%emt 0:00:11]} Rxa8 {[%emt 0:00:08]} 61. Rxa8 {[%emt 0:00:05]} Kxd5 {[%emt 0:01:09]} 62. Rc8 {[%emt 0:00:07]} e4 {[%emt 0:00:07]} 63. b5 {[%emt 0:00:11]} e3 {[%emt 0:00:05]} 64. b6 {[%emt 0:00:04]} e2 {[%emt 0:00:05]} 65. Re8 {[%emt 0:00:04]} Kc6 {[%emt 0:00:09]} 66. Rxe2 {[%emt 0:00:08]} Kxb6 {[%emt 0:00:05]} 67. Rc2 {[%emt 0:00:06]} Kb5 {[%emt 0:00:16]} 68. Kxh3 {[%emt 0:00:06]} Kb4 {[%emt 0:00:04]} 69. Kg3 {[%emt 0:00:07]} Kb3 {[%emt 0:00:09]} 70. Rc8 {[%emt 0:00:05]} Kb4 {[%emt 0:00:10]} 71. Kf4 {[%emt 0:00:04]} Kb5 {[%emt 0:00:11]} 72. Ke5 {[%emt 0:00:09]} Kb6 {[%emt 0:00:22]} 73. Kd5 {[%emt 0:00:24]} Kb7 {[%emt 0:00:10]} 74. Rc2 {[%emt 0:00:11]} Kb6 {[%emt 0:00:05]} 75. Rc1 {[%emt 0:00:04]} Kb7 {[%emt 0:00:04]} 76. Kd6 {[%emt 0:00:04]} Kb8 {[%emt 0:00:07]} 77. Kd7 {[%emt 0:00:05]} Kb7 {[%emt 0:00:10]} 78. Rb1+ {[%emt 0:00:04]} Ka6 {[%emt 0:00:05]} 79. Kc6 {[%emt 0:00:06]} Ka5 {[%emt 0:00:09]} 80. Rb8 {[%emt 0:00:11]} Ka4 {[%emt 0:00:10]} 81. Kc5 {[%emt 0:00:02]} Ka3 {[%emt 0:00:09]} 82. Kc4 {[%emt 0:00:04]} Ka2 {[%emt 0:00:04]} 83. Kc3 {[%emt 0:00:05]} Ka1 {[%emt 0:00:04]} 84. Kc2 {[%emt 0:00:11]} Ka2 {[%emt 0:00:07]} 85. Ra8# {[%emt 0:00:02]} 1-0

[Event "White Rook U14 Final 2019"]
[Site "Sochi"]
[Date "2019.06.06"]
[Round "1.34"]
[White "Zubtsov, Vladimir"]
[Black "Ermakov, Maksim"]
[Result "1-0"]
[WhiteElo "1404"]
[BlackElo "1623"]
[Annotator "NA RC"]
[PlyCount "57"]
[EventDate "2019.06.02"]
[EventCountry "RUS"]
[SourceTitle "playchess.com"]
[Source "ChessBase"]
[SourceQuality "1"]
[TimeControl "5400+30"]

1. e4 {[%emt 0:00:00]} c5 {[%emt 0:00:08]} 2. Nf3 {[%emt 0:00:09]} e6 {[%emt 0:00:15]} 3. c3 {[%emt 0:00:21]} Nf6 {[%emt 0:00:08]} 4. Qc2 {[%emt 0:02:06]} d5 {[%emt 0:00:46]} 5. exd5 {[%emt 0:00:43]} Nxd5 {[%emt 0:00:30]} 6. d4 {[%emt 0:01:47]} Nc6 {[%emt 0:00:35]} 7. Bb5 {[%emt 0:06:42]} Bd7 {[%emt 0:01:33]} 8. Bxc6 {[%emt 0:06:22]} Bxc6 {[%emt 0:00:08]} 9. O-O {[%emt 0:00:16]} Be7 {[%emt 0:01:08]} 10. Ne5 {[%emt 0:07:27]} Rc8 {[%emt 0:00:59]} 11. Nxc6 {[%emt 0:04:41]} Rxc6 {[%emt 0:00:34]} 12. dxc5 {[%emt 0:06:14]} Bxc5 {[%emt 0:00:24]} 13. Nd2 {[%emt 0:03:55]} O-O {[%emt 0:00:36]} 14. Nf3 {[%emt 0:01:39]} Be7 {[%emt 0:03:21]} 15. Qe2 {[%emt 0:04:04]} Bf6 {[%emt 0:02:18]} 16. Bd2 {[%emt 0:02:42]} h6 {[%emt 0:02:54]} 17. Rad1 {[%emt 0:02:21]} Qb6 {[%emt 0:01:04]} 18. c4 {[%emt 0:09:35]} Ne7 {[%emt 0:00:47]} 19. b3 {[%emt 0:00:12]} Nf5 {[%emt 0:00:16]} 20. Rfe1 {[%emt 0:04:59]} Qc7 {[%emt 0:03:57]} 21. g3 {[%emt 0:01:26]} Qe7 {[%emt 0:09:51]} 22. Bf4 {[%emt 0:01:54]} Bc3 {[%emt 0:02:22]} 23. Bd2 {[%emt 0:01:50]} Bf6 {[%emt 0:00:59]} 24. Bf4 {[%emt 0:02:10]} Ra6 {[%emt 0:05:01]} 25. Qc2 {[%emt 0:02:31]} Qa3 {[%emt 0:01:35]} 26. Re2 {[%emt 0:01:06]} Rc8 {[%emt 0:00:17]} 27. Red2 {[%emt 0:02:10]} b5 {[%emt 0:01:04]} 28. g4 {[%emt 0:06:18]} Ne7 {[%emt 0:05:23]} 29. Rd8+ {[%emt 0:00:24]} 1-0

[Event "White Rook U14 Final 2019"]
[Site "Sochi"]
[Date "2019.06.06"]
[Round "1.36"]
[White "Khegai, Darya"]
[Black "Korovina, Yana"]
[Result "0-1"]
[WhiteElo "1402"]
[BlackElo "1672"]
[Annotator "NA RC"]
[PlyCount "108"]
[EventDate "2019.06.02"]
[EventCountry "RUS"]
[SourceTitle "playchess.com"]
[Source "ChessBase"]
[SourceQuality "1"]
[TimeControl "5400+30"]

1. e4 {[%emt 0:00:00]} e5 {[%emt 0:00:10]} 2. Nc3 {[%emt 0:00:40]} Nf6 {[%emt 0:00:11]} 3. Bc4 {[%emt 0:00:34]} Nc6 {[%emt 0:00:23]} 4. d3 {[%emt 0:00:17]} Bc5 {[%emt 0:00:22]} 5. f4 {[%emt 0:01:35]} d6 {[%emt 0:03:40]} 6. f5 {[%emt 0:03:00]} Na5 {[%emt 0:01:55]} 7. Bb3 {[%emt 0:02:01]} Nxb3 {[%emt 0:00:29]} 8. axb3 {[%emt 0:00:15]} d5 {[%emt 0:03:19]} 9. Qe2 {[%emt 0:04:21]} O-O {[%emt 0:05:15]} 10. Nf3 {[%emt 0:09:15]} Qd6 {[%emt 0:08:06]} 11. Bd2 {[%emt 0:06:52]} Bd7 {[%emt 0:05:23]} 12. h3 {[%emt 0:05:20]} Bb4 {[%emt 0:05:20]} 13. O-O {[%emt 0:05:40]} Bc5+ {[%emt 0:04:04]} 14. Kh1 {[%emt 0:00:16]} Nh5 {[%emt 0:04:30]} 15. Kh2 {[%emt 0:00:42]} Nf4 {[%emt 0:13:08]} 16. Bxf4 {[%emt 0:01:34]} exf4 {[%emt 0:00:31]} 17. Nxd5 {[%emt 0:01:17]} Bxf5 {[%emt 0:01:46]} 18. b4 {[%emt 0:01:42]} Be3 {[%emt 0:03:03]} 19. Kh1 {[%emt 0:10:12]} Be6 {[%emt 0:01:34]} 20. Nxe3 {[%emt 0:00:39]} fxe3 {[%emt 0:00:12]} 21. c3 {[%emt 0:00:46]} Rad8 {[%emt 0:05:10]} 22. d4 {[%emt 0:01:52]} Qg3 {[%emt 0:00:17]} 23. d5 {[%emt 0:07:25]} Bc8 {[%emt 0:01:24]} 24. Nd4 {[%emt 0:00:13]} Qg5 {[%emt 0:03:59]} 25. Rxa7 {[%emt 0:00:48]} Rd6 {[%emt 0:01:59]} 26. Nf5 {[%emt 0:01:28]} Rg6 {[%emt 0:03:20]} 27. Nxe3 {[%emt 0:00:49]} h6 {[%emt 0:04:12]} 28. Ra5 {[%emt 0:01:36]} b6 {[%emt 0:01:16]} 29. Ra7 {[%emt 0:00:23]} Qh4 {[%emt 0:01:52]} 30. Nf5 {[%emt 0:00:55]} Bxf5 {[%emt 0:01:31]} 31. Rxf5 {[%emt 0:00:19]} Re8 {[%emt 0:00:57]} 32. e5 {[%emt 0:00:28]} Rg5 {[%emt 0:01:02]} 33. Rxg5 {[%emt 0:00:25]} Qxg5 {[%emt 0:00:05]} 34. d6 {[%emt 0:01:55]} Rxe5 {[%emt 0:01:49]} 35. Ra8+ {[%emt 0:01:14]} Kh7 {[%emt 0:00:27]} 36. Qd3+ {[%emt 0:00:06]} f5 {[%emt 0:01:06]} 37. Qd1 {[%emt 0:00:36]} Qg3 {[%emt 0:00:32]} 38. Ra1 {[%emt 0:01:08]} cxd6 {[%emt 0:00:12]} 39. Qc2 {[%emt 0:01:06]} Re1+ {[%emt 0:00:55]} 40. Rxe1 {[%emt 0:00:04]} Qxe1+ {[%emt 0:00:14]} 41. Kh2 {[%emt 0:00:04]} Qe5+ {[%emt 0:00:17]} 42. g3 {[%emt 0:00:04]} b5 {[%emt 0:00:17]} 43. Kg2 {[%emt 0:00:46]} Kg6 {[%emt 0:03:53]} 44. g4 {[%emt 0:01:45]} Kf6 {[%emt 0:00:27]} 45. gxf5 {[%emt 0:00:57]} Qxf5 {[%emt 0:00:11]} 46. Qd1 {[%emt 0:00:09]} Qe4+ {[%emt 0:00:31]} 47. Kg3 {[%emt 0:01:23]} Qe5+ {[%emt 0:00:56]} 48. Kf2 {[%emt 0:01:20]} Qh2+ {[%emt 0:00:19]} 49. Ke3 {[%emt 0:01:00]} Qxh3+ {[%emt 0:00:04]} 50. Kd2 {[%emt 0:00:05]} Qh2+ {[%emt 0:00:17]} 51. Kc1 {[%emt 0:00:09]} Qf4+ {[%emt 0:00:15]} 52. Kb1 {[%emt 0:00:23]} g5 {[%emt 0:00:19]} 53. Qh1 {[%emt 0:00:09]} Kg6 {[%emt 0:00:26]} 54. Qd5 {[%emt 0:00:52]} Qf5+ {[%emt 0:00:10]} 0-1

[Event "White Rook U14 Final 2019"]
[Site "Sochi"]
[Date "2019.06.06"]
[Round "2.1"]
[White "Kuzmin, Roman"]
[Black "Ponomarev, Matvey"]
[Result "1-0"]
[WhiteElo "2119"]
[BlackElo "1292"]
[Annotator "RC"]
[PlyCount "59"]
[EventDate "2019.06.02"]
[EventCountry "RUS"]
[SourceTitle "playchess.com"]
[Source "ChessBase"]
[SourceQuality "1"]
[TimeControl "5400+30"]

1. e4 {[%emt 0:00:00]} d5 {[%emt 0:00:00]} 2. exd5 {[%emt 0:00:00]} Qxd5 {[%emt 0:00:00]} 3. Nc3 {[%emt 0:00:00]} Qd8 {[%emt 0:00:00]} 4. d4 {[%emt 0:00:00]} Nf6 {[%emt 0:00:00]} 5. Nf3 {[%emt 0:00:00]} Bg4 {[%emt 0:00:00]} 6. Be3 {[%emt 0:00:50]} e6 {[%emt 0:00:00]} 7. h3 {[%emt 0:00:04]} Bxf3 {[%emt 0:00:27]} 8. Qxf3 {[%emt 0:00:00]} c6 {[%emt 0:00:06]} 9. a3 {[%emt 0:00:11]} Nbd7 {[%emt 0:00:14]} 10. Bd3 {[%emt 0:04:30]} Be7 {[%emt 0:01:50]} 11. Ne2 {[%emt 0:02:37]} e5 {[%emt 0:07:29]} 12. O-O-O {[%emt 0:16:51]} Qc8 {[%emt 0:21:09]} 13. g4 {[%emt 0:05:04]} exd4 {[%emt 0:12:29]} 14. Bxd4 {[%emt 0:00:49]} c5 {[%emt 0:02:07]} 15. Bc3 {[%emt 0:00:00]} h6 {[%emt 0:04:35]} 16. Bf5 {[%emt 0:00:20]} Qc7 {[%emt 0:08:48]} 17. Bxd7+ {[%emt 0:05:22]} Nxd7 {[%emt 0:02:11]} 18. Bxg7 {[%emt 0:02:19]} Bg5+ {[%emt 0:00:24]} 19. Kb1 {[%emt 0:00:13]} Rg8 {[%emt 0:03:01]} 20. Qe4+ {[%emt 0:00:12]} Kd8 {[%emt 0:03:40]} 21. Be5 {[%emt 0:00:17]} Qc8 {[%emt 0:01:06]} 22. f4 {[%emt 0:01:27]} Be7 {[%emt 0:02:29]} 23. Qh7 {[%emt 0:00:53]} Re8 {[%emt 0:03:10]} 24. Qxf7 {[%emt 0:00:57]} Qc6 {[%emt 0:02:43]} 25. Nc3 {[%emt 0:00:22]} Rf8 {[%emt 0:01:30]} 26. Qh7 {[%emt 0:00:45]} Kc8 {[%emt 0:07:53]} 27. Qxe7 {[%emt 0:00:17]} b5 {[%emt 0:00:47]} 28. Rxd7 {[%emt 0:00:09]} Qxh1+ {[%emt 0:01:54]} 29. Ka2 {[%emt 0:00:19]} c4 {[%emt 0:02:26]} 30. Rd8+ {[%emt 0:00:04]} 1-0

[Event "White Rook U14 Final 2019"]
[Site "Sochi"]
[Date "2019.06.06"]
[Round "2.2"]
[White "Korotaev, Yaroslav"]
[Black "Pingin, Artem"]
[Result "0-1"]
[WhiteElo "1831"]
[BlackElo "2108"]
[Annotator "RC"]
[PlyCount "96"]
[EventDate "2019.06.02"]
[EventCountry "RUS"]
[SourceTitle "playchess.com"]
[Source "ChessBase"]
[SourceQuality "1"]
[TimeControl "5400+30"]

1. d4 {[%emt 0:00:00]} Nf6 {[%emt 0:00:00]} 2. c4 {[%emt 0:00:00]} e6 {[%emt 0:00:00]} 3. Nf3 {[%emt 0:00:00]} b6 {[%emt 0:00:00]} 4. g3 {[%emt 0:00:00]} Bb7 {[%emt 0:00:00]} 5. Bg2 {[%emt 0:00:00]} Bb4+ {[%emt 0:00:00]} 6. Bd2 {[%emt 0:00:00]} Be7 {[%emt 0:00:03]} 7. Nc3 {[%emt 0:00:00]} c6 {[%emt 0:00:00]} 8. O-O {[%emt 0:01:38]} O-O {[%emt 0:00:11]} 9. Bf4 {[%emt 0:12:45]} d5 {[%emt 0:00:00]} 10. Qd3 {[%emt 0:00:39]} Ba6 {[%emt 0:14:23]} 11. b3 {[%emt 0:00:00]} b5 {[%emt 0:01:37]} 12. cxb5 {[%emt 0:04:33]} cxb5 {[%emt 0:00:00]} 13. Nxb5 {[%emt 0:06:18]} Nc6 {[%emt 0:02:33]} 14. a4 {[%emt 0:01:29]} Nb4 {[%emt 0:06:40]} 15. Qd2 {[%emt 0:01:34]} Ne4 {[%emt 0:01:43]} 16. Qb2 {[%emt 0:00:00]} Bxb5 {[%emt 0:01:35]} 17. axb5 {[%emt 0:01:01]} Qb6 {[%emt 0:01:04]} 18. Ne5 {[%emt 0:00:36]} Qxb5 {[%emt 0:01:56]} 19. Bxe4 {[%emt 0:00:23]} dxe4 {[%emt 0:00:09]} 20. Nc4 {[%emt 0:01:59]} Rfd8 {[%emt 0:11:02]} 21. Rfd1 {[%emt 0:09:04]} Nd5 {[%emt 0:01:30]} 22. Bd2 {[%emt 0:02:42]} Rdc8 {[%emt 0:10:38]} 23. Rdc1 {[%emt 0:04:59]} h5 {[%emt 0:01:58]} 24. Ra5 {[%emt 0:07:00]} Qb7 {[%emt 0:00:43]} 25. Qa2 {[%emt 0:01:48]} h4 {[%emt 0:01:54]} 26. Ra1 {[%emt 0:01:39]} h3 {[%emt 0:02:34]} 27. Qb1 {[%emt 0:03:24]} e3 {[%emt 0:06:54]} 28. fxe3 {[%emt 0:06:13]} Nf6 {[%emt 0:11:20]} 29. Qf1 {[%emt 0:03:36]} Ne4 {[%emt 0:05:55]} 30. Qxh3 {[%emt 0:06:08]} f5 {[%emt 0:01:59]} 31. Bc1 {[%emt 0:05:28]} Qxb3 {[%emt 0:01:01]} 32. Ne5 {[%emt 0:06:35]} Rxc1+ {[%emt 0:00:16]} 33. Rxc1 {[%emt 0:00:06]} Qxe3+ {[%emt 0:00:34]} 34. Kg2 {[%emt 0:00:05]} Qxe2+ {[%emt 0:00:04]} 35. Kg1 {[%emt 0:00:29]} Qe3+ {[%emt 0:00:03]} 36. Kg2 {[%emt 0:00:06]} Qd2+ {[%emt 0:00:36]} 37. Kg1 {[%emt 0:01:50]} Qxc1+ {[%emt 0:00:00]} 38. Qf1 {[%emt 0:00:00]} Qe3+ {[%emt 0:02:10]} 39. Kh1 {[%emt 0:00:32]} Rc8 {[%emt 0:00:43]} 40. Ra1 {[%emt 0:00:04]} Nf2+ {[%emt 0:01:36]} 41. Kg2 {[%emt 0:00:33]} Rc2 {[%emt 0:00:24]} 42. Nf3 {[%emt 0:01:50]} Ng4+ {[%emt 0:00:15]} 43. Kh1 {[%emt 0:00:00]} Rf2 {[%emt 0:00:28]} 44. Qd1 {[%emt 0:01:28]} Rxh2+ {[%emt 0:00:01]} 45. Nxh2 {[%emt 0:00:00]} Nf2+ {[%emt 0:00:31]} 46. Kg2 {[%emt 0:00:00]} Nxd1 {[%emt 0:00:06]} 47. Rxd1 {[%emt 0:00:28]} Qe2+ {[%emt 0:00:03]} 48. Kh3 {[%emt 0:00:46]} Qxd1 {[%emt 0:00:08]} 0-1

[Event "White Rook U14 Final 2019"]
[Site "Sochi"]
[Date "2019.06.06"]
[Round "2.3"]
[White "Shirkunov, Alexandr"]
[Black "Kochetkov, Nikita"]
[Result "1-0"]
[WhiteElo "1557"]
[BlackElo "1380"]
[Annotator "NA RC"]
[PlyCount "93"]
[EventDate "2019.06.02"]
[EventCountry "RUS"]
[SourceTitle "playchess.com"]
[Source "ChessBase"]
[SourceQuality "1"]
[TimeControl "5400+30"]

1. d4 {[%emt 0:00:00]} d5 {[%emt 0:00:00]} 2. c4 {[%emt 0:00:00]} c6 {[%emt 0:00:00]} 3. Nf3 {[%emt 0:00:00]} Nf6 {[%emt 0:00:00]} 4. g3 {[%emt 0:00:00]} g6 {[%emt 0:00:23]} 5. Nc3 {[%emt 0:00:00]} Bg7 {[%emt 0:00:17]} 6. Bg2 {[%emt 0:00:00]} O-O {[%emt 0:00:50]} 7. Ne5 {[%emt 0:00:00]} e6 {[%emt 0:04:27]} 8. cxd5 {[%emt 0:07:08]} exd5 {[%emt 0:02:00]} 9. O-O {[%emt 0:01:55]} Nbd7 {[%emt 0:01:16]} 10. Nf3 {[%emt 0:04:30]} Re8 {[%emt 0:02:31]} 11. Qd3 {[%emt 0:00:30]} Ne4 {[%emt 0:00:53]} 12. Nd2 {[%emt 0:01:45]} Nxd2 {[%emt 0:01:59]} 13. Bxd2 {[%emt 0:13:44]} Qb6 {[%emt 0:04:14]} 14. e3 {[%emt 0:06:16]} Nf6 {[%emt 0:02:03]} 15. Na4 {[%emt 0:01:17]} Qc7 {[%emt 0:01:32]} 16. b4 {[%emt 0:00:41]} Bf5 {[%emt 0:01:26]} 17. Qb3 {[%emt 0:01:27]} Ne4 {[%emt 0:00:40]} 18. Qb2 {[%emt 0:01:56]} Nd6 {[%emt 0:01:06]} 19. Rfc1 {[%emt 0:02:34]} Be4 {[%emt 0:02:57]} 20. f3 {[%emt 0:00:28]} Bf5 {[%emt 0:08:51]} 21. Bf1 {[%emt 0:07:52]} Bh6 {[%emt 0:01:27]} 22. Qc3 {[%emt 0:01:18]} Qe7 {[%emt 0:03:21]} 23. Kf2 {[%emt 0:03:08]} Qf6 {[%emt 0:03:16]} 24. Kg2 {[%emt 0:01:25]} Qe6 {[%emt 0:03:38]} 25. Nc5 {[%emt 0:08:51]} Bh3+ {[%emt 0:06:21]} 26. Kg1 {[%emt 0:00:24]} Qf5 {[%emt 0:02:17]} 27. Bxh3 {[%emt 0:00:26]} Qxh3 {[%emt 0:02:20]} 28. Re1 {[%emt 0:17:32]} Nf5 {[%emt 0:00:43]} 29. e4 {[%emt 0:01:33]} Bxd2 {[%emt 0:10:14]} 30. Qxd2 {[%emt 0:00:22]} dxe4 {[%emt 0:03:07]} 31. fxe4 {[%emt 0:00:04]} Nd6 {[%emt 0:01:01]} 32. Qf4 {[%emt 0:00:03]} Nb5 {[%emt 0:00:53]} 33. d5 {[%emt 0:00:21]} b6 {[%emt 0:00:49]} 34. Nd3 {[%emt 0:05:02]} cxd5 {[%emt 0:01:40]} 35. exd5 {[%emt 0:01:14]} Qd7 {[%emt 0:05:02]} 36. Ne5 {[%emt 0:00:03]} Qxd5 {[%emt 0:04:01]} 37. Rad1 {[%emt 0:06:48]} Qe6 {[%emt 0:03:23]} 38. Ng4 {[%emt 0:00:32]} Qxe1+ {[%emt 0:00:34]} 39. Rxe1 {[%emt 0:00:34]} Rxe1+ {[%emt 0:00:49]} 40. Kf2 {[%emt 0:00:02]} Re6 {[%emt 0:00:07]} 41. Nh6+ {[%emt 0:00:25]} Kh8 {[%emt 0:00:17]} 42. Qxf7 {[%emt 0:00:15]} Rae8 {[%emt 0:03:22]} 43. Qd7 {[%emt 0:00:21]} Re2+ {[%emt 0:00:13]} 44. Kf3 {[%emt 0:01:15]} R2e3+ {[%emt 0:00:25]} 45. Kg4 {[%emt 0:00:06]} Nd4 {[%emt 0:01:44]} 46. Qxd4+ {[%emt 0:00:54]} R3e5 {[%emt 0:01:54]} 47. Nf7+ {[%emt 0:00:07]} 1-0

[Event "White Rook U14 Final 2019"]
[Site "Sochi"]
[Date "2019.06.06"]
[Round "2.4"]
[White "Korotaeva, Polina"]
[Black "Toledo Flores, Marianna"]
[Result "0-1"]
[WhiteElo "1154"]
[BlackElo "1530"]
[Annotator "NA RC"]
[PlyCount "86"]
[EventDate "2019.06.02"]
[EventCountry "RUS"]
[SourceTitle "playchess.com"]
[Source "ChessBase"]
[SourceQuality "1"]
[TimeControl "5400+30"]

1. Nf3 {[%emt 0:00:00]} Nf6 {[%emt 0:00:00]} 2. g3 {[%emt 0:00:00]} b5 {[%emt 0:00:00]} 3. Bg2 {[%emt 0:00:00]} Bb7 {[%emt 0:00:00]} 4. O-O {[%emt 0:00:00]} e6 {[%emt 0:00:00]} 5. d4 {[%emt 0:00:14]} c5 {[%emt 0:00:05]} 6. Be3 {[%emt 0:02:00]} Nd5 {[%emt 0:03:53]} 7. Qd2 {[%emt 0:02:21]} Qc7 {[%emt 0:00:50]} 8. Nc3 {[%emt 0:09:48]} Nxe3 {[%emt 0:00:27]} 9. Qxe3 {[%emt 0:01:17]} a6 {[%emt 0:00:18]} 10. Rad1 {[%emt 0:05:44]} cxd4 {[%emt 0:01:15]} 11. Qxd4 {[%emt 0:00:43]} Nc6 {[%emt 0:00:47]} 12. Qd2 {[%emt 0:00:35]} d5 {[%emt 0:00:48]} 13. Nd4 {[%emt 0:03:50]} Ne5 {[%emt 0:03:34]} 14. Qf4 {[%emt 0:05:09]} Bd6 {[%emt 0:01:17]} 15. Qc1 {[%emt 0:07:38]} Rc8 {[%emt 0:02:21]} 16. a3 {[%emt 0:04:01]} Nc4 {[%emt 0:00:49]} 17. Qa1 {[%emt 0:04:52]} Nxa3 {[%emt 0:01:34]} 18. bxa3 {[%emt 0:12:24]} Qxc3 {[%emt 0:00:42]} 19. Rd3 {[%emt 0:02:00]} Qxa1 {[%emt 0:00:46]} 20. Rxa1 {[%emt 0:00:09]} g6 {[%emt 0:00:57]} 21. a4 {[%emt 0:02:04]} b4 {[%emt 0:00:15]} 22. Rb1 {[%emt 0:02:12]} e5 {[%emt 0:04:04]} 23. Nb3 {[%emt 0:00:45]} e4 {[%emt 0:00:43]} 24. Rd2 {[%emt 0:01:01]} Ke7 {[%emt 0:00:20]} 25. Nd4 {[%emt 0:00:00]} Rc3 {[%emt 0:01:01]} 26. Ra1 {[%emt 0:02:07]} Rhc8 {[%emt 0:00:46]} 27. Bh3 {[%emt 0:02:45]} R8c7 {[%emt 0:02:10]} 28. Ra2 {[%emt 0:01:27]} Ra3 {[%emt 0:01:22]} 29. Rxa3 {[%emt 0:05:29]} bxa3 {[%emt 0:00:10]} 30. Rd1 {[%emt 0:01:05]} Be5 {[%emt 0:01:09]} 31. e3 {[%emt 0:00:31]} Bxd4 {[%emt 0:00:11]} 32. exd4 {[%emt 0:01:07]} Rxc2 {[%emt 0:00:53]} 33. Ra1 {[%emt 0:00:31]} a2 {[%emt 0:00:10]} 34. Kg2 {[%emt 0:00:50]} f5 {[%emt 0:00:14]} 35. Kg1 {[%emt 0:02:34]} Bc6 {[%emt 0:00:38]} 36. Bf1 {[%emt 0:00:31]} Bxa4 {[%emt 0:00:12]} 37. Bxa6 {[%emt 0:00:20]} Rd2 {[%emt 0:00:37]} 38. Kg2 {[%emt 0:01:34]} Bb3 {[%emt 0:00:00]} 39. Rc1 {[%emt 0:07:35]} Rd1 {[%emt 0:00:51]} 40. Rc7+ {[%emt 0:04:11]} Kd6 {[%emt 0:00:15]} 41. Rc3 {[%emt 0:01:12]} a1=Q {[%emt 0:00:35]} 42. Rxb3 {[%emt 0:00:05]} Qxa6 {[%emt 0:00:26]} 43. Rb8 {[%emt 0:00:22]} Qf1# {[%emt 0:00:29]} 0-1